| 000 | 00546nam a22001697a 4500 | ||
|---|---|---|---|
| 005 | 20240404130125.0 | ||
| 010 | _aENG-140036 | ||
| 020 | _c30.00 | ||
| 035 | _aEN-123568 | ||
| 037 | _bDBAD | ||
| 100 |
_aNarayana, P. Laxmi _964303 |
||
| 245 |
_aDissonance and Desire A Collection of Poems/ _cP.Laxmi Narayana |
||
| 260 |
_aHyderabad _bJayamitra Sahitya Samskruthika Vedika _c2016 |
||
| 270 |
_aFlat no-310 Block-C Raghvendra Nagar Nacharam _bHyderabad _e500076 |
||
| 300 |
_a63 P. _c22 c.m(pb) |
||
| 942 |
_2ddc _cEN _h881 _mNAR |
||
| 999 |
_c201928 _d201928 |
||